Statistiques concernant Noms de Pokémon par symboles d'éléments chimiques n°3

Cliquez ici pour prendre le quiz!

Statistiques générales

  • Ce quiz a été pris 332 fois
  • Le résultat moyen est 4 sur 5

Statistiques - réponses

Eléments chimiquesPokémon% Correct
Polonium-Silicium-Phosphore-IodePosipi
95%
Vanadium-Iode-Carbone-Titane-NickelVictini
93%
Carbone-Américium-Erbium-Uranium-PlatineCamérupt
90%
Hélium-Astate-Radium-AzoteHeatran
85%
Calcium-Radium-Phosphore-Argent-OsmiumCarapagos
84%

Distribution des résultats

Percentile par nombre de réponses

% des personnes avec chaque résultat

Votre développement - résultats

Vous n’avez pas pris ce quiz